Регионална библиотека "Любен Каравелов" - Русе

Педагогически измерения на компютризацията (Запис номер 362211)

MARC детайли
000 -Лидер
Контролно поле с фиксирана дължина nam a22 a 4500
003 - Код на организацията, давaща контролен номер
Контролно поле BLK
005 - Дата и час на последна редакция
Контролно поле 20221208030959.0
008 - Елементи от данни с фиксирана дължина
fixed length control field 200331b bu ||||| |||| 00| 0 bu d
040 ## - Източник на каталожния запис
Идентификатор на билиотеката - собственик на записа BLK
041 ## - Код за език
Код за езика на текст/звукозапис или на отделно заглавие Български
Код за езика КДБФ Български
080 ## - УДК
Текстов определител УДК Основи на възпитанието (материални, теоретични, философски и др.). Педагогика
УДК код - определител по УДК 37.01
УДК - код + определител 37.014.544
080 ## - УДК
Текстов определител УДК Компютърни науки и технологии. Изчислителна техника. Обработка на данни
УДК код - определител по УДК 004
УДК - код + определител 004
100 ## - Редна дума - Автор
R(LIN) 367411
Автор Павлов, Димитър Андреев
Авторска отговорност първи автор
139 ## - Редно поле
Редна дума Павлов, Димитър Андреев
Авторски знак Павло - П 13
245 ## - Сведения за заглавието
Заглавие Педагогически измерения на компютризацията
Подзаглавни данни Изследване
Редно поле (дума) Димитър Павлов, съавт. Димитър Чуровски; съавт. Захари Върбанов
260 ## - Област на издателските данни
9 (RLIN) 216179
Място на издаване, разпространение и проч. София
Име на издателя, разпространителя и проч. Нар. просв.
Година на издаване 1988
Печатница (Хасково : Ат. Стратиев)
300 ## - Физическа характеристика
Страници 191 с.
Илюстрации и др. сс сх.
Размери/Мащаб 21 см
380 ## - Жанр
Жанр Обществени науки
490 ## - СЕРИИ (Колекции)
9 (RLIN) 207991
Име на серия Компютърът и образованието
500 ## - Общи забележки
Забележка 6 702 тир.<br/>
504 ## - Забележка за наличие на библиография и др
Забележка за наличие на библиография и под. Бибиогр. с. 179-184
650 #7 - Допълнително описание по предмет – тема
9 (RLIN) 164487
Основно описание – тема или топоним Образование и просвета - използване на електронно-изчислителни машини
700 ## - Други автори (авторска отговорност)
Лично име Чуровски, Димитър Цетков
Автороска отговорност (Описва отношението между автора и произведението) съавт.
9 (RLIN) 1445
700 ## - Други автори (авторска отговорност)
Лично име Върбанов, Захари Христов
Автороска отговорност (Описва отношението между автора и произведението) съавт.
9 (RLIN) 1445
852 ## - Местоположение
Форматна сигнатура Цб 153072
Фондова буква Хранилище
999 ## - СИСТЕМНИ КОНТРОЛНИ НОМЕРА
Koha biblionumber 362211
Koha biblioitemnumber 362211
942 ## - АРТИКУЛИ
Вид на библиотечния материал Книги
Скрит в OPAC Не
Периодичен библиозапис Да
944 ## - СЪЗДАВАНЕ И РЕДАКЦИЯ на ЗАПИСА
Създаване/Редакция Създаване
Служител, извършил регистрацията/редакцията ГЦ
944 ## - СЪЗДАВАНЕ И РЕДАКЦИЯ на ЗАПИСА
Създаване/Редакция Редакция
Служител, извършил регистрацията/редакцията Ивелин Русев
999 ## - СИСТЕМНИ КОНТРОЛНИ НОМЕРА
Koha biblioitemnumber 350231
Наличности
Код за отписване Код за изгубен артикул Източник на класификационната схема Код за повреда Коз за рестрикции Код за отдаване Артикулен № Име на библиотеката - собственик Име на библиотеката, в която се намира в момента Статус (Текущо местоположение) Дата на вписване в системата Местоположение - отдел Цена в лева Инвентарен номер Систематично азбучна сигнатура Баркод Цена в евро Служебен тип на артикула
  Не е изгубен Universal Decimal Classification Не е повреден без рестрикции ползва се в читалня 769685 Регионална библиотека "Любен Каравелов" Русе Регионална библиотека "Любен Каравелов" Русе Хранилище 2020-05-15 Хранилище 1.19 496912 Цб 153072 120000496912 0.61 Книги
Vip Innovations Ltd, Rousse, Bulgaria 2025